MDQL
is popping MORE tags! Check the
thread
!
Quizzes
Events
Quiz Creation
Community
Videos
Private Events
Remove Ads
Sign In
Join for FREE
Feedback
Dark Mode
Quiz Categories
Sports
Geography
Music
Movies
Television
Just For Fun
Miscellaneous
History
Literature
Language
Science
Gaming
Entertainment
Religion
Holiday
For Kids
Quiz Lab
Recent
Popular Today
Quiz Kudos Today
Editor Picks
Curator Picks
Quizzes by...
Day
Popularity
Type
Ratings
Length
Year
Community
Subscriptions
Recent Discussions
Orange Saloon
Badges
Playlists
Quests
Create
Leaderboards
Showdown
Live 5
Trivia Bingo
Activity
Puzzle Library
Sporcle Events
Private Events
Virtual Trivia
Globe League
Become a Host
Pub Owners
SporcleCon
Opinionation
Our Games
Videos
Blog
Mobile Apps
Partnerships
Remove Ads and Go Orange
Feedback
Gaming
Video Games
Board Games
Card Games
Pokémon
Mario
Nintendo
Minecraft
Console
Toys
Legend of Zelda
Gaming
Video Games
Board Games
Card Games
Pokémon
Mario
Nintendo
Minecraft
Console
Toys
Legend of Zelda
Random Quiz
Search Sporcle
×
Quiz Lab
Quiz Lab
Gaming
Song
Type in answers that appear in a list
Type in answers that appear in a list
Classic
Best Score? Go Orange.
CAKE Songs Stats
Can you name the Songs Released on Albums, by the Band CAKE?
By
aidanolsen14
10m
74 Questions
94 Plays
94 Plays
94 Plays
Comments
Comments
Give Quiz Kudos
Give Quiz Kudos
-
- Ratings
hide this ad
Replay
Link that replays current quiz
Next Quiz
Link to next quiz in quiz playlist
You Got
0%
They Got
Avg Score
45%
Avg Friend Score
Upgrade to see
Score Distribution
Jump to the score distribution portion of the page
Score
0/74
Timer
10:00
0
Plays Today
Album Title
Song Title
% Correct
Fashion Nugget
The Distance
85.9%
Comfort Eagle
Comfort Eagle
80.4%
Fashion Nugget
I Will Survive
78.3%
Fashion Nugget
Nugget
78.3%
Comfort Eagle
Short Skirt
77.2%
B-
Sides and Rarities
Short
77.2%
Fashion Nugget
Frank Sinatra
73.9%
Fashion Nugget
Italian Leather Sofa
72.8%
Prolonging the Magic
Sheep Go to Heaven
72.8%
Fashion Nugget
Stickshifts and Safetybelts
69.6%
Prolonging the Magic
Never There
69.6%
Motorcade of Generosity
Rock 'N' Roll Lifestyle
68.5%
B-
Sides and Rarities
War Pigs
67.4%
Motorcade of Generosity
Jolene
65.2%
Fashion Nugget
Daria
63%
Prolonging the Magic
Satan Is My Motor
62%
Prolonging the Magic
Guitar
62%
Comfort Eagle
Opera Singer
62%
Fashion Nugget
Race Car Ya-Yas
60.9%
Prolonging the Magic
Mexico
60.9%
Fashion Nugget
Friend is a Four Letter Word
58.7%
Comfort Eagle
Meanwhile, Rick James...
58.7%
Fashion Nugget
Sad Songs and Waltzes
57.6%
Comfort Eagle
Arco Arena
55.4%
Comfort Eagle
Long Line of Cars
55.4%
Fashion Nugget
Perhaps, Perhaps, Perhaps
54.3%
Motorcade of Generosity
Comanche
52.2%
Motorcade of Generosity
Ruby Sees All
52.2%
Pressure Chief
Wheels
52.2%
Comfort Eagle
Love You Madly
50%
Pressure Chief
No Phone
50%
Motorcade of Generosity
I Bombed Korea
48.9%
Comfort Eagle
Pretty Pink Ribbon
48.9%
Pressure Chief
Dime
48.9%
Prolonging the Magic
Hem of Your Garment
47.8%
Motorcade of Generosity
Mr. Mastadon Farm
45.7%
Prolonging the Magic
Alpha Beta Parking Lot
44.6%
Album Title
Song Title
% Correct
Pressure Chief
Carbon Monoxide
44.6%
Motorcade of Generosity
Pentagram
43.5%
Pressure Chief
The Guitar Man
43.5%
Prolonging the Magic
You Turn the Screws
42.4%
Prolonging the Magic
Cool Blue Reason
42.4%
Fashion Nugget
Open Book
41.3%
Prolonging the Magic
When You Sleep
41.3%
Prolonging the Magic
Walk on By
40.2%
Pressure Chief
She'll Hang the Baskets
40.2%
B-
Sides and Rarities
Strangers in the Night
39.1%
B-
Sides and Rarities
Mahna, Mahna
38%
Prolonging the Magic
Let Me Go
37%
Motorcade of Generosity
Jesus Wrote a Blank Check
34.8%
Motorcade of Generosity
Is This Love?
33.7%
B-
Sides and Rarities
Ruby, Don't Take Your Love To Town
33.7%
Motorcade of Generosity
You Part the Waters
32.6%
Motorcade of Generosity
Ain't No Good
32.6%
Fashion Nugget
It's Coming Down
32.6%
Fashion Nugget
She'll Come Back To Me
32.6%
Prolonging the Magic
Where Would I Be?
32.6%
Comfort Eagle
World of Two
32.6%
Motorcade of Generosity
Up So Close
31.5%
Motorcade of Generosity
Haze of Love
31.5%
Pressure Chief
End of the Movie
31.5%
Pressure Chief
Palm of Your Hand
23.9%
Pressure Chief
Tougher Than It Is
23.9%
Comfort Eagle
Shaddow Stabbing
21.7%
Comfort Eagle
Commisioning a Symphony in C
20.7%
B-
Sides and Rarities
Excuse Me, I Think I've Got a Heartache
15.2%
B-
Sides and Rarities
Never, Never Gonna' Give You Up
14.1%
B-
Sides and Rarities
Thrills
14.1%
Pressure Chief
Waiting
13%
Pressure Chief
Take It All Away
12%
B-
Sides and Rarities
Conroy
10.9%
B-
Sides and Rarities (Bonus Track)
War Pigs (Live)
10.9%
B-
Sides and Rarities
Subtract One Love (And Multiply the Heartaches)
9.8%
B-
Sides and Rarities
It's Coming Down (Live)
4.3%
Quiz Playlist
Details
Report
Send in Message
Add To Playlist
Classic:
Type in answers that appear in a list
Last Updated: Feb 16, 2017
Quiz Scoreboard
CHALLENGE
Sign Up to Join the Scoreboard
Show All
Scores
Hide
Comments
May contain spoilers
Recently Published
5x2 Blitz: Bands
by SL_Kpop136
Music
30s
Colored Red Africa Blitz
by spor1
Geography
30s
Find the 'City' Movie
by crazypaving
Movies
60s
More to Explore
Quiz From the Vault
Featured Blog Post
14 Easter Pick-up Lines to Find Eggs With
hide this ad
You Might Also Like...
Tags
Album Quiz
Bands Quiz
Song Quiz
cake
Released
Today's Top Quizzes in Gaming
Browse Gaming
hide this ad
Today's Top Quizzes in Song
Browse Song
Top Contributed Quizzes in Gaming
1
Dead By Daylight Logic Puzzle
2
League of Legends Pro Players by Career/Team History
3
Destiny 2 exotic weapons by perk icons
4
Genshin Impact Logic Puzzle
5
Overwatch 2: Ultimate Ability Icons
6
Genshin Impact Logic Puzzle Quiz II
7
Windmill: Elements
8
Overwatch Logic Puzzle
9
Genshin Impact Logic Puzzle Quiz
10
Genshin murder mystery
Explore More
Trending Topics
Crossword
Marvel
Anime
Disney
NBA
Harry Potter
Kpop
Song
The Office
Country
Puzzle
Pokémon
Soccer
NFL
WWE
hide this ad
More By:
aidanolsen14
Quiz
Plays
Rating
Category
Featured
Created
23 Flavors of Dr. Pepper
654
2.75
Miscellaneous
Apr 27, 2010
Deuteragonists in Broadway Musicals
299
2.00
Music
Nov 5, 2010
Fox in Socks Characters
206
5.00
Literature
Sep 21, 2010
Movie Titles Waiting for the Velvet Underground
114
5.00
Movies
Jul 4, 2014
CAKE Songs
94
3.50
Gaming
Oct 12, 2010
Go to Creator's Profile
Score Distribution
Quiz Creator Spotlight
aidanolsen14
Follow
Send a Message
Quizzes Created
-
Created Quiz Play Count
-
More By This Creator
Popular Quizzes Today
1
Colored Red Africa Blitz
2
Find the 'City' Movie
3
Find the US States - No Outlines Minefield
4
5x2 Blitz: Bands
5
The Countries of the World
6
Find the US States
7
US States
8
9x9 Crossword: Cartoon Network
More Gaming Quizzes
Toys and Games by Socks
Published
Trending Quizzes
Colored Red Europe Blitz I
Colored Red Europe Blitz II
Colored Red Africa Blitz II
Colored Red Europe Blitz III
Colored Red Africa Blitz III
Recently Updated
How Do You Spell That?
pecheneg
Godzilla Movies
pecheneg
Grab Bag: 4-10 Letters
pecheneg
2024 March Madness Bracket
pecheneg
Famous TV Couples
Peacemaker
Champions League XIs: Real Madrid
pecheneg
Largest US Cities 1790-2010
pecheneg
Rides in Walt Disney World
pecheneg
Most Oscar Losses (Acting)
pecheneg
Beyoncé Albums
pecheneg
Trending Topics
Marvel
Anime
Kpop
Crossword
Harry Potter
Disney
NBA
Pokémon
The Office
Puzzle
Song
WWE
NFL
Soccer
Country
Your Account Isn't Verified!
In order to create a playlist on Sporcle, you need to verify the email address you used during registration. Go to your
Sporcle Settings
to finish the process.
Report this User
Report this user for behavior that violates our
Community Guidelines
.
Details:
Send Report
Go to the Sporcle.com Mobile Site →
Comments